[Event "FRA-ch Blitz Online Qual"]
[Site "Europe Echecs INT"]
[Date "2020.05.16"]
[Round "13"]
[White "Demarche, Laurent"]
[Black "Sureau, Corentin"]
[Result "1-0"]
[WhiteElo "1835"]
[BlackElo "1686"]
[PlyCount "123"]
[EventDate "2020.05.16"]
[EventType "swiss (blitz)"]
[EventRounds "15"]
[EventCountry "FRA"]
[SourceTitle "CBM 196 Extra"]
[Source "ChessBase"]
[SourceDate "2020.07.31"]
[SourceVersion "1"]
[SourceVersionDate "2020.07.31"]
[SourceQuality "1"]

1. d3 e5 2. Nd2 d5 3. e4 Nf6 4. Ngf3 Nc6 5. Be2 dxe4 6. dxe4 Bc5 7. 0-0 0-0 8. c3 Re8 9. b4 Bb6 10. Qc2 Bg4 11. Nc4 Qe7 12. a4 Bxf3 13. Bxf3 a5 14. b5 Nd8 15. Nxb6 cxb6 16. Ba3 Qe6 17. Rad1 Rc8 18. Be2 Nd7 19. Rd6 Qe7 20. Rfd1 Nc5 21. Bxc5 bxc5 22. Bc4 Ne6 23. Bxe6 fxe6 24. c4 Qf6 25. Qd2 Rf8 26. f3 Rc7 27. Qxa5 Rcf7 28. Qd2 Qg6 29. a5 Rxf3 30. Rd8 Rxd8 31. Qxd8+ Rf8 32. Qh4 h6 33. Rd8 Rxd8 34. Qxd8+ Kh7 35. Qd3 Qg5 36. Qe2 Qc1+ 37. Kf2 Qa1 38. Qd2 Qa4 39. Qc3 Qa2+ 40. Kg3 Qb1 41. Qxe5 Qe1+ 42. Kh3 g5 43. Qc7+ Kg6 44. Qg3 Qxe4 45. Qg4 Qe1 46. a6 h5 47. Qg3 g4+ 48. Kh4 Qa1 49. Qd3+ Kh6 50. Qe3+ Kh7 51. Qe4+ Kh6 52. Qxe6+ Kg7 53. Kxh5 Qh1 54. Qg6+ Kh8 55. Kxg4 Qxh2 56. g3 Qe2+ 57. Kg5 Qe3+ 58. Kf6 Qd4+ 59. Kf7 Qf2+ 60. Qf6+ Qxf6+ 61. Kxf6 bxa6 62. bxa6 1-0